| 000 | 00358nam a22001457a 4500 | ||
|---|---|---|---|
| 020 | _a8178083841 | ||
| 040 | _cNUST | ||
| 082 |
_a005.43 _bNUT |
||
| 100 |
_aGary Nutt _9125335 |
||
| 245 |
_aOperating Systems _bA Modern Perspective |
||
| 250 | _aSecond Edition | ||
| 260 |
_aIndia: _bThomson Press, _c2002. |
||
| 650 | _2Operating Systems | ||
| 942 |
_2ddc _cBK |
||
| 999 |
_c611091 _d611091 |
||